| 000 | 00875nam a2200289 a 4500 | ||
|---|---|---|---|
| 001 | 86176 | ||
| 003 | BD-RjUL | ||
| 005 | 20260216123606.0 | ||
| 008 | 260216s2022 ne a b 001 0 eng | ||
| 020 | _a9780444533531 | ||
| 035 | _a(BD-RjUL)86176 | ||
| 040 |
_aDLC _cDLC _dUKM _dBAKER _dDLC _dBD-RjUL _beng |
||
| 041 | _aeng | ||
| 042 | _apcc | ||
| 082 | 0 | 0 |
_222 _a551.7 _bCAP 2022 |
| 100 | 1 |
_aCatuneanu, Octavian _d1962- _917720 |
|
| 245 | 1 | 0 |
_aPrinciples of sequence stratigraphy / _cOctavian Catuneanu. |
| 250 | _a2nd ed. | ||
| 260 |
_aAmsterdam ; _bElsevier, _cc2022. |
||
| 300 |
_aviii, 486 p. : _bill. (some col.) ; _c29 cm. |
||
| 336 |
_atext _btxt _2rdacontent |
||
| 337 |
_aunmediated _bn _2rdamedia |
||
| 338 |
_avolume _bnc _2rdacarrier |
||
| 504 | _aIncludes bibliographical references and indexes. | ||
| 650 | 0 |
_aSequence stratigraphy. _917721 |
|
| 942 |
_2ddc _cBK |
||
| 999 |
_c86176 _d86176 |
||